|
|
|
|
| LEADER |
01031nam a2200277 u 4500 |
| 001 |
10037211 |
| 003 |
GR-PaULI |
| 005 |
20210117210609.0 |
| 008 |
001016s1972 us eng |
| 020 |
|
|
|a 0070457905
|
| 040 |
|
|
|a GR-PaULI
|c GR-PaULI
|b gre
|e AACR2
|
| 082 |
0 |
4 |
|a 519.5
|2 23
|
| 100 |
|
|
|a Naiman, Arnold
|9 9228
|e συγγραφέας.
|
| 245 |
1 |
0 |
|a Understanding statistics /
|c Arnold Naiman, Robert Rosenfeld, Gene Zirkel.
|
| 250 |
|
|
|a
|
| 260 |
|
|
|a New York :
|b McGraw Hill,
|c 1972.
|
| 300 |
|
|
|a 235 σ. :
|b εικ. ;
|c 23 εκ.
|
| 500 |
|
|
|a Περιλαμβάνει ευρετήριο.
|
| 504 |
|
|
|a
|
| 650 |
|
4 |
|a Στατιστική
|9 85
|
| 700 |
1 |
|
|a Rosenfeld, Robert
|9 9229
|e συγγραφέας.
|
| 700 |
1 |
|
|a Zirkel, Gene
|9 9230
|e συγγραφέας.
|
| 942 |
|
|
|2 ddc
|c BK15
|
| 952 |
|
|
|0 0
|1 0
|2 ddc
|4 0
|6 519_500000000000000_NAI
|7 0
|9 221376
|a LISP
|b LISP
|c BSC
|d 2018-04-13
|i 124908
|l 0
|o 519.5 NAI
|p 025000040540
|r 2018-04-13 00:00:00
|t 1
|v 2018.00
|w 2018-04-13
|y BK15
|
| 998 |
|
|
|c ΜΠΟΥΡΑΣ
|d 2018-04
|
| 999 |
|
|
|c 133762
|d 133762
|